00514nam a2200169 a 450000100100000000500170001000800410002702000180006804000250008608200150011110000160012624500630014226000350020530000280024050000460026850400300031400004065120201002034259.0130904s2012 sp a 000 0 spa d a9788449315312 aDO-SdBNPbspacBNPHU axxxxbxxxx1 aCosta, Joan13aLa imagen de marca. :bun fenómeno social /cJoan Costa. aBarcelona, :bPaidós,c2012. a200 p. :bil. ;c23 cm. aLa biblioteca posee la 5ta. reimpresión aBibliografía p: 199-200